00363nam a22001337a 4500008004100000020001500041050001900056100001800075245004600093260002700139300002500166500002700191600001100218220302b |||||||| |||| 00| 0 eng d a0634045539 aMT582 .S3 2002 a Schmid, Will aHal Leonard guitar method/c Will, Schmid aUS:bMilwaukee,c2002. a47P. :bill. ;c40cm aincludes bibliography. 2Guitar